| 000 | 00464nam a2200181Ia 4500 | ||
|---|---|---|---|
| 003 | GCL | ||
| 008 | 140319s9999 xx 000 0 eng d | ||
| 040 |
_aGCL / _cGCL |
||
| 082 | 0 | 4 |
_a616.6 _bB E |
| 100 | 1 | _aBULLOCK, NIGEL | |
| 245 | 1 | 0 |
_aESSENTIAL UROLOGY, 2ND ED / _cBULLOCK, NIGEL |
| 700 | 1 | _aSIBLEY, GARY | |
| 700 | 1 | _aWHITAKER, ROBERT | |
| 260 |
_a[S.N] : _bLONGMAN GROUP UK LIMITED ، _c1994 |
||
| 300 | _a369 P | ||
| 650 | 0 | 4 | _aUROLOGY |
| 942 |
_2ddc _cBK |
||
| 999 |
_c21147 _d21147 |
||